000 00720nam a2200205Ia 4500
003 GCL
008 140319s9999 xx 000 0 ara d
040 _aGCL /
_cGCL
082 0 4 _a375.002
_bح ج
100 1 _aحسن بن عايل احمد يحيى
245 1 0 _aالجغرافيا التربوية /
_cحسن بن عايل احمد يحيى
250 _aالاولى
260 _aالاردن :
_bدار اليازورى العلمية للنشر والتوزيع ،
_c2005
300 _a313 ص ؛
_c24 سم
650 0 4 _aالتعليم - مناهج
650 0 4 _aالجغرافيا ، علم
650 0 4 _aالمناهج - تخطيط
650 0 4 _aالجغرافيا - طرق وتدريس
942 _2ddc
_cBK
999 _c8364
_d8364